00377nam a2200133Ia 4500008004100000041000800041082001500049100002500064245004500089250001400134260005200148300003400200365000900234240624s9999 xx 000 0 und d aeng a302.35 QUI aQUICK JAMES CAMPBELL aPRINCIPLES OF ORGANIZATIONAL BEHAVIOR RE a(7th ed.) c2011aAustraliabSouth-Western Cengage Learning axxxiii, : 766 : p. : cm. ; 27 cb25